Odpowiedź zaczyna się na literę B - Papież Cup - Statystyki

Ogólne statystyki
  • Ten quiz został rozwiązany 26 razy
    9 od ostatniego zresetowania
  • Średni wynik to 9 z 12
Statystyki odpowiedzi
Hint Odpowiedź % Poprawnych
Rozgrywki, które kiedyś rozgrywały się o godzinie 21:27 Biskup Cup
100%
Zawodnik ze statusem Legendy od sezonu 2084 Bltk
89%
Najlepsza wg Rankingu Kadr Dekad reprezentacja na literę B Belgia
78%
Pierwsza w historii reprezentacja na literę B, która zwyciężyła klasyfikacje drużynową Papież Cup Benin
78%
Jedna z najstarszych działalności o tematyce Papież Cup w internecie, prowadzona niegdyś przez Rysie Blog
78%
Gra, w której organizowane są turnieje przez Powerra i Koleggę Bobble League
78%
Ulubiony klub piłkarski Kubysa Bayern Monachium
67%
Stary nick użytkownika Sinnohne Bobert Szlafmyca
67%
Zawodniczka, która znajduje się na serwerze od sezonu 2019 Brateczka
67%
Zawodniczka, która znajdowała się w kadrach takich jak Belgia, Barbados czy Gwatemala Blanka
56%
Dawna forma hazardu na serwerze oparta na zakładach Bukmacher Kremówka
56%
Przeciwnik Mumina na gali "PC MMA 21 - Symfonia Walki" Bruce Lee
44%
Nie znaleziono quizów pasujących do podanych kryteriów
Rozkład punktacji
Procent ludzi z każdym wynikiem
Percentyl według liczby udzielonych odpowiedzi
Twoja historia wyników
Nie rozwiązałeś tego quizu od ostatniego zresetowania